Д. И. Менделеев. Опыт библиографии

التفاصيل البيبلوغرافية
مؤلفون آخرون: Кондратович Р. А. (составитель), Георгиевский В. Г. (редактор)
الملخص:Приложение к т. 2 "Основ химии" Д. И. Менделеева
اللغة:الروسية
منشور في: Ленинград, ОНТИ, 1934
الطبعة:Исправлено и дополнено
الموضوعات:
التنسيق: كتاب
KOHA link:https://koha.lib.tpu.ru/cgi-bin/koha/opac-detail.pl?biblionumber=671807

MARC

LEADER 00000nam0a2200000 4500
001 671807
005 20240404113556.0
090 |a 671807 
100 |a 20240327d1934 k||y0rusy50 ca 
101 0 |a rus 
102 |a RU 
105 |a y a 001yb 
181 0 |a i   |b  e  
182 0 |a n 
183 0 |a nc  |2 RDAcarrier 
200 1 |a Д. И. Менделеев. Опыт библиографии  |f сост. Р. А. Кондратович ; под ред. В. Г. Георгиевский 
203 |a Текст  |b визуальный  |c непосредственный 
205 |a Исправлено и дополнено 
210 |a Ленинград  |c ОНТИ  |c Госхимтехиздат  |d 1934 
215 |a 71 с. 
283 |a volume  |2 RDAcarrier 
300 |a Приложение к т. 2 "Основ химии" Д. И. Менделеева 
320 |a Именной указатель: с. 63-65 
320 |a Предметный указатель: с. 66-70 
600 1 |a Менделеев  |b Д. И.  |c учёный-энциклопедист, химик, педагог  |c член-корреспондент Петербургской АН  |f 1834-1907  |g Дмитрий Иванович  |9 609 
606 |a Библиографические пособия  |x По химии  |9 52080 
606 |a Химики  |x Персоналии  |9 84576 
610 1 |a химия 
610 1 |a библиографические издания 
610 1 |a печатные труды 
610 1 |a библиография библиографии 
675 |a 54(092)  |v 4  |z rus 
686 |2 rubbk  |a Я19:54 
702 1 |4 220  |a Кондратович  |b Р. А. 
702 1 |4 340  |a Георгиевский  |b В. Г. 
801 0 |a RU  |b 63413507  |c 20240327 
830 |a Ретро2024Каталогизация 
850 |a 63413507 
942 |c BK